[Event "Novgorod op"]
[Site "Novgorod"]
[Date "1995.??.??"]
[Round "1"]
[White "Smagin, Sergey"]
[Black "Zaharov, Aleksandr E"]
[Result "1/2-1/2"]
[WhiteElo "2540"]
[BlackElo "2305"]
[Annotator "Notkin,M"]
[PlyCount "60"]
[EventDate "1995.05.??"]
[EventType "swiss"]
[EventRounds "9"]
[EventCountry "RUS"]
[SourceTitle "EXT 2000"]
[Source "ChessBase"]
[SourceDate "1999.11.16"]
[SourceVersion "1"]
[SourceVersionDate "1999.11.16"]
[SourceQuality "1"]

1. e4 e6 2. d4 d5 3. Nd2 c5 4. exd5 Qxd5 5. Ngf3 cxd4 6. Bc4 Qd6 7. O-O Nf6 8.
Nb3 Nc6 9. Nbxd4 Nxd4 10. Nxd4 a6 11. h3 Qc7 (11... Bd7 12. c3 O-O-O 13. Qe2
Qc7 14. Be3 e5 15. Nc2 Kb8 16. Rfd1 Rc8 17. Bb3 Bb5 18. Qe1 Bc4 19. Bg5 $14 {
Smagin,S-Danielian,O/Moscow/1992/1:0/43/}) 12. Qe2 Bc5 13. Rd1 h6 $1 (13... O-O
14. Bg5 $14) 14. a4 (14. Qf3 e5 (14... O-O $2 15. Bxh6) 15. Nf5 Bxf5 16. Qxf5
Bxf2+ 17. Qxf2 (17. Kxf2 Qxc4 18. Qxe5+ Kf8) 17... Qxc4 18. b3 Qb4 $1 19. Bb2
O-O (19... Ne4 $1 $10) 20. Bxe5 Ne4 21. Rd4 $1 $18) 14... O-O 15. Nb3 $2 (15.
b3 $6 e5 16. Nf3 e4 17. Nd4 Bd7 18. Bb2 Rad8 $15) (15. c3 Bd7 $10) 15... Ba7
16. Bd2 Bd7 (16... Bb8 17. g3 e5 18. Bb4 $13) 17. Bd3 (17. Bb4 Rfc8 18. Bd3 Nd5
$17) (17. Bc3 Bb8 18. g3 e5 19. Kh2 Qc8 $17) 17... Qg3 $6 (17... Bb8 18. g3 e5
$17) 18. Na5 $1 e5 19. Ra3 Qh4 20. Be1 (20. Be3 $13) 20... Bxh3 $1 21. gxh3
Qg3+ 22. Kf1 Qxh3+ 23. Kg1 Qg3+ 24. Kf1 Qh4 $1 25. Kg2 $8 e4 26. Bc4 Nh5 27.
Bd2 e3 28. Bxe3 (28. fxe3 Qg5+ 29. Kf2 Qg3+ (29... b5 $1 $17) 30. Kf1 Nf4 31.
Qf2 $8 Qh3+ 32. Ke1 (32. Kg1 Qg4+ $19) 32... Ng2+ 33. Ke2 $13) 28... Bxe3 29.
fxe3 $8 Qg5+ 30. Kf2 Qh4+ (30... Qxa5 $2 31. Rd5 $18) (30... Nf6 $1 31. Nxb7 (
31. Qe1 b6 $1 $17 32. Nc6 Qh4+) 31... Ne4+ 32. Kf3 (32. Ke1 Qh4+ 33. Kf1 Ng3+
$19) 32... Qf5+ 33. Kg2 Qg6+ 34. Kf3 $8 (34. Kh2 Qg3+ 35. Kh1 Nf2+ $19) 34...
Rae8 35. Qg2 Ng5+ 36. Ke2 Re5 $19) 1/2-1/2

[Event "Mar del Plata Clarin Masters"]
[Site "Mar del Plata"]
[Date "1982.02.??"]
[Round "?"]
[White "Larsen, Bent"]
[Black "Seirawan, Yasser"]
[Result "1-0"]
[WhiteElo "2605"]
[BlackElo "2575"]
[Annotator "Notkin,M"]
[PlyCount "61"]
[EventDate "1982.02.??"]
[EventType "tourn"]
[EventRounds "13"]
[EventCountry "ARG"]
[EventCategory "13"]
[SourceTitle "MCL"]
[Source "ChessBase"]
[SourceDate "1999.07.01"]
[SourceVersion "1"]
[SourceVersionDate "1999.07.01"]
[SourceQuality "1"]

1. e4 e6 2. d4 d5 3. Nd2 c5 4. exd5 Qxd5 5. Ngf3 cxd4 6. Bc4 Qd6 7. O-O Nf6 8.
Nb3 Nc6 9. Nbxd4 Nxd4 10. Nxd4 a6 11. Bb3 Bd7 12. c3 Qc7 13. Qf3 (13. Bg5 Ne4
$2 (13... Bd6 $14) 14. Bh4 Qf4 15. g3 Qh6 16. Qe2 $16 {Ivanchuk,V-Glek,I/URS/
1988/1:0/34/}) 13... Bd6 14. h3 Bh2+ 15. Kh1 Be5 16. Be3 (16. Bg5 $6 Bxd4 17.
cxd4 Bc6 $10) 16... O-O (16... O-O-O $5) 17. a4 Rfd8 $2 (17... b6 18. Rfe1 Rae8
{/\Bc8-b7/}) 18. Rfe1 (18. a5 $5) 18... Be8 (18... b6 19. Re2 {/\Rae1+/-/}) 19.
a5 $1 h6 $2 (19... Nd5 20. Bg5 Nf6 (20... Rd7 21. Ba4) (20... Bf6 21. Bxd5 Bxg5
22. Bxb7) 21. Qe3 $16) 20. Nxe6 $1 $18 fxe6 21. Bb6 Qd6 22. Rad1 Nd5 23. c4 Bc6
24. cxd5 exd5 25. Bxd8 Rxd8 26. Re2 Qf6 27. Qxf6 Bxf6 28. Red2 Bg5 29. Bxd5+
Kh8 30. Rd3 Bb5 31. Bc4 1-0

[Event "Qatar Masters op"]
[Site "Doha"]
[Date "2014.12.01"]
[Round "6"]
[White "Durarbayli, Vasif"]
[Black "Libiszewski, Fabien"]
[Result "1-0"]
[WhiteElo "2621"]
[BlackElo "2522"]
[Annotator "Pavlovic,M"]
[PlyCount "55"]
[EventDate "2014.11.26"]
[EventType "swiss"]
[EventRounds "9"]
[EventCountry "QAT"]
[SourceTitle "CBM 164"]
[Source "ChessBase"]
[SourceDate "2015.01.15"]
[SourceVersion "1"]
[SourceVersionDate "2015.01.15"]
[SourceQuality "1"]

1. e4 e6 2. d4 d5 3. Nd2 c5 4. Ngf3 cxd4 5. Nxd4 Nc6 6. Bb5 Bd7 7. Nxc6 bxc6 8.
Bd3 {An unusal transposition to a Sicilian type of position.} Bd6 9. Qe2 Ne7
10. e5 Bc7 11. Nf3 Ng6 12. O-O O-O 13. Ng5 {There are also other ideas for
White, but theoretically Black is ok.} (13. c4 c5 14. Ng5 (14. h4 dxc4 15. Be4
Rb8 16. Ng5 $13 {1/2-1/2 (16) Meier,K-Sandstroem,L corr. 2014}) 14... Qe8 15.
f4 h6 16. Nf3 Bc6 17. Bd2 dxc4 18. Bxc4 Ne7 19. Be3 Bb6 20. Rac1 Nd5 $13 {
1/2-1/2 (54) Ducarmon,Q (2479)-Peralta,F (2574) Barcelona 2014}) (13. b3 Qe7
14. c4 a5 15. Bd2 f6 (15... f5 $5 16. Rac1 Bb6 17. Rc2 Rfc8 18. Rfc1 h6 $13)
16. Bxg6 hxg6 17. Rac1 g5 $2 (17... Bb8 18. Nh4 Qf7 19. f4 $36) 18. exf6 Qxf6
19. Bxg5 $18 {1-0 (23) Popovic,D (2537)-Arnaudov,G (2457) Golden Sands 2014})
13... Qe8 14. b3 {A new attempt, but it doesn't impress.} (14. f4 f5 (14... h6
15. Nf3 Bb6+ 16. Kh1 c5 17. c3 c4 18. Bc2 Ba4 19. b3 Bb5 20. a4 cxb3 21. axb5
bxc2 22. Ba3 Ne7 23. Nd4 Bxd4 24. cxd4 Rc8 25. Bc5 Qd7 26. Rfc1 Rc7 27. Rxc2
Rb8 $11 {1/2-1/2 (33) Scheiblauer,H-Ihlenfeld,E corr. 1989}) 15. c4 (15. exf6
Rxf6 16. Bxg6 Qxg6 17. Nf3 c5 18. c3 Rb8 19. Ne5 Qe8 20. b3 Bb5 21. c4 Bxe5 22.
fxe5 Rxf1+ 23. Qxf1 dxc4 24. bxc4 Ba6 $15 {0-1 (90) Bajarani,U (2483)
-Istratescu,A (2656) Abu Dhabi 2014}) 15... Bb6+ 16. Kh1 Ne7 17. b3 a5 18. Bd2
a4 19. b4 c5 20. Rab1 Rb8 21. Rfc1 d4 22. a3 {1/2-1/2 (22) Fedorchuk,S (2635)
-Vitiugov,N (2726) Solingen 2012. The position is complicated.}) 14... h6 15.
Nf3 c5 16. Ba3 Bb6 17. Qd2 a5 18. Rfe1 Bc6 19. c3 Qd8 20. Rad1 {Black is doing
ok here.} Re8 21. Bb1 Re7 (21... Ra7 $1 $13 {Black has a harmonious game.}) 22.
Qe3 d4 23. cxd4 Rd7 24. Bb2 Nh4 $2 {Probably a blunder.} (24... a4 $5 25. Bc2
axb3 26. axb3 Rc8 {Black has compensation: his pieces are all in the right
places, for instance} 27. h3 cxd4 28. Nxd4 Nf8 29. Nxc6 Bxe3 30. Nxd8 Rxc2 31.
fxe3 Rxb2 32. Rxd7 Nxd7 $15) 25. Nxh4 Qxh4 26. dxc5 $18 Rxd1 27. Rxd1 Bxg2 28.
Rd4 1-0

[Event "Bayern-chI Bank Hofmann 10th"]
[Site "Bad Wiessee"]
[Date "2006.11.08"]
[Round "5"]
[White "Postny, Evgeny"]
[Black "Bykhovsky, Avigdor"]
[Result "1-0"]
[WhiteElo "2609"]
[BlackElo "2458"]
[Annotator "Postny,E"]
[PlyCount "63"]
[EventDate "2006.11.04"]
[EventType "swiss"]
[EventRounds "9"]
[EventCountry "GER"]
[SourceTitle "EXT 2007"]
[Source "ChessBase"]
[SourceDate "2006.11.23"]
[SourceVersion "1"]
[SourceVersionDate "2006.11.23"]
[SourceQuality "1"]

1. e4 e6 2. d4 d5 3. Nd2 c5 4. Ngf3 cxd4 5. Nxd4 Nc6 6. Bb5 Bd7 7. Nxc6 Bxc6 (
7... bxc6 8. Bd3 $14 {The bishop on d7 is too passive.}) 8. Bxc6+ bxc6 9. c4 {
In this line White pretends only for a slight advantage, trying to make use of
the pawns majority on the queenside.} ({Another way of development is:} 9. O-O
Nf6 10. Qe2 Be7 11. b3 {This position is about equal.}) 9... dxe4 {This
continuation liquidates to an endgame which is slightly inferior for Black.} (
9... Nf6 10. Qa4 Qc7 11. exd5 exd5 12. O-O Be7 13. cxd5 Nxd5 14. Ne4 O-O 15.
Bd2 Rab8 16. Rab1 Bb4 17. Bxb4 Rxb4 18. Qc2 {+/=/= 1/2-1/2 Delchev,A (2614)
-Vysochin,S (2583)/Tusnad 2005/CBM 106 ext (45)}) (9... Bc5 10. Qa4 Ne7 11.
exd5 exd5 12. Nb3 Bb6 13. c5 Bc7 14. O-O Qd7 15. Bf4 Bxf4 16. Qxf4 O-O 17. Nd4
Ng6 18. Qg3 $14 {1-0 Vysochin,S (2579)-Kruppa,Y (2553)/Kiev 2005/CBM 104 ext 
(72)}) 10. Qa4 Qb6 ({Deserves further investigation the aggressive attempt:} 
10... f5 $5 11. Qxc6+ Kf7 12. O-O Nf6 13. Nb3 Bd6 14. h3 $6 (14. Be3 $5 Ng4 15.
h3 Nxe3 16. fxe3 {[%cal Gc6e4]}) 14... Rc8 15. Qb7+ Qc7 $15 {1/2-1/2 Erenburg,
S (2595)-Hug,W (2445)/Gothenburg 2005/CBM 109}) 11. Nxe4 Qb4+ 12. Qxb4 Bxb4+
13. Bd2 Be7 $6 $146 {This is dubious. Avigdor Bykhovsky didn't want to
activate my king by exchange on d2. On the other hand, with the bishops on the
board Black will have serious problems to connect his rooks.} ({White keeps
only a slight edge after:} 13... Bxd2+ 14. Kxd2 Nf6 15. Nxf6+ gxf6 16. Rad1 Ke7
17. Kc3 Rhg8 18. g3 $14 {1-0 Gofshtein,L (2513)-Zifroni,D (2542)/Israel 2003/
EXT 2004 (49)}) 14. O-O-O Nf6 15. Nxf6+ gxf6 {It is important for Black to
open the "g" file, to employ his kingside rook.} 16. Be3 $1 {Eyeing the Pa7.}
Rg8 17. g3 Rg4 18. f4 {It is necessary to keep black's rooks disconnected.} (
18. b3 $6 Re4 $1 {and black's rook becoming annoying.}) 18... a5 $6 {Losing
important tempi. It was necessary to create a counterplay on the kingside as
soon as possible.} (18... h5 19. Rd3 h4 20. Bf2 Rd8 21. Rxd8+ Bxd8 22. h3 Rg8 (
22... Rxg3 $2 23. Bxg3 hxg3 24. Rg1 (24. Kd2 $4 Bb6 $19 {[%cal Gg3g2]}) 24...
Bc7 25. f5 exf5 26. Kd2 f4 27. Ke2 $18 {Black's pawns are harmless.}) 23. g4
Bc7 24. f5 exf5 25. gxf5 $14 {[%csl Ra7,Rh4]}) 19. Rd3 Rb8 20. Rhd1 Rb7 21. Kc2
a4 $2 {This is decisive mistake.} ({Necessary was} 21... h5 22. Bf2 (22. Rb3
Rxb3 23. Kxb3 h4 24. Bf2 e5 25. Ka4 Bd8 $132) (22. Bd2 a4 23. b3 axb3+ 24. Rxb3
Rxb3 25. Kxb3 {[%csl Ga2]} h4 26. Be1 e5 $132) 22... h4 23. h3 Rg8 24. g4 f5 {
Of course, Black is worse, but still live and kicking.}) 22. b3 $1 a3 (22...
axb3+ 23. Rxb3 Rxb3 24. Kxb3 $18 {[%csl Ga2] White's "a" pawn is unstoppable.})
23. c5 e5 24. Rc3 $6 ({More accurate would have been} 24. Kc3 {followed by 25.
b4 and 26.Kb3 +-.}) 24... Rb4 25. Bc1 Re4 26. h3 Rg8 27. f5 Rd4 $2 {This loses
without a fight.} (27... Re2+ 28. Rd2 Re1 29. b4 $18 {[%cal Gc3a3,Ga3a8]}) (
27... h5 $1 28. Bxa3 $140 $2 (28. Rd2 $1 Rg5 29. Rf2 {and White should win.})
28... Rg5 29. Rf3 Re2+ 30. Rd2 e4 $132) 28. Bxa3 Rxd1 29. Kxd1 {Black is pawn
down in a totally cramped position.} Kd7 30. Bc1 Kc7 31. Ke2 Ra8 32. a3 1-0

[Event "Rohde op 07th"]
[Site "Sautron"]
[Date "2007.10.29"]
[Round "4"]
[White "Babaev, Rashad"]
[Black "Malakhatko, Vadim"]
[Result "1/2-1/2"]
[WhiteElo "2465"]
[BlackElo "2603"]
[Annotator "Primel,D"]
[PlyCount "52"]
[EventDate "2007.10.27"]
[EventType "swiss"]
[EventRounds "9"]
[EventCountry "FRA"]
[SourceTitle "EXT 2008"]
[Source "ChessBase"]
[SourceDate "2007.11.25"]
[SourceVersion "1"]
[SourceVersionDate "2007.11.25"]
[SourceQuality "1"]

1. e4 e6 2. d4 d5 3. Nd2 c5 4. Ngf3 (4. exd5 exd5 5. Ngf3 Nc6 6. Bb5 Bd6 7.
dxc5 Bxc5 8. O-O {mène а des positions trés techniques}) 4... cxd4 5. exd5 (5.
Nxd4 {Rozentalis,E (2586)-Malakhatko,V (2498) Athens Acropolis op 2003 (4) 1-0}
) 5... Qxd5 6. Bc4 Qd6 7. O-O Nf6 8. Nb3 (8. Re1 {[%cal Ge1e8]}) 8... Nc6 9.
Nbxd4 Nxd4 10. Nxd4 a6 {la ligne principale} (10... Bd7 $5) (10... Be7 {
Le grand spécialiste de la francaise, le GMI Uhlman préférait cette ligne
secondaire} 11. b3 {Tal,M-Uhlmann,W Moscow 1967 1-0} (11. c3)) 11. a4 (11. Re1
Qc7 12. Bb3 Bd6 (12... Bd7 {Pavlov,S (2306)-Malakhatko,V (2543) Kiev-ch 2004 
(8) 0-1}) 13. Nf5 $1 {[%cal Gf5g7,Gd6h2] La ligne principale qui donne des
positions trés compliquées et avec des suites théoriques trés longues}) 11...
Qc7 12. b3 ({RR} 12. Bd3 Bc5 13. c3 Bd7 14. Bg5 Bxd4 15. cxd4 Nd5 16. Ra3 h6
17. Qh5 Nf4 18. Qh4 Nxd3 19. Rxd3 Bxa4 20. Rc1 Qd7 21. d5 Bb5 22. Rdc3 Qxd5 23.
Rc5 Qd3 24. R5c3 Qf5 25. Be7 Bc6 26. Rg3 Rh7 {Sulskis,S (2485)-Atalik,S (2595)/
New York 1998/CBM 064/0-1 (45)}) 12... Be7 ({RR} 12... Bd6 {[%cal Gd6h2]} 13.
Nf3 Bd7 14. Bb2 Bc6 15. h3 O-O-O 16. Qe2 Nd5 17. Bxd5 Bxd5 18. c4 Bc6 19. Ne5
Bxe5 20. Bxe5 Qa5 21. Qe3 f6 22. Bd4 Qf5 23. b4 Qe4 24. Qxe4 Bxe4 25. Bb6 Rd6
26. a5 Rc6 27. Rfc1 {Mas,H (2375)-Oskouev,A (2170)/Rasht 1998/EXT 2004/1-0 (65)
}) 13. Bb2 O-O 14. Nf3 (14. Qf3) 14... b6 $146 (14... Rd8 {Ruxton,K (2325)
-Luther,T (2410) EU-ch U20 Arnhem 1989 0-1}) 15. Qe2 (15. Be5 $5 {Peut-être
une amélioration par rapport а 15.Qe2 qui ne semble pas trop poser de
problèmes aux noirs.} Qc5 (15... Qc6 $143 {[%cal Gc8b7,Gc6g2]} 16. Nd4 $1 Qc5
17. Qf3 $1 {[%cal Gf3a8]} Qxe5 18. Nc6 $1 {[%cal Gc6e5,Gc6e7]} Qd6 19. Nxe7+
Qxe7 20. Qxa8 $16) 16. a5 $1 {C'était l'idée de 15.Be5 pour attaquer la Q
noire avant que les noirs ne puissent coordonner les pièces а l'aile-dame avec
Bb7 et Rc8} (16. Bd4 Qc7 17. Qe2 Bb7 18. Rad1 Rfd8) 16... b5 (16... bxa5 17.
Qd4 Qxd4 18. Bxd4 {[%cal Ga1a5]} Bd8 19. Bc3 $44 (19. Rfd1)) 17. Bd4 {[%cal
Gd4b6]} Qh5 18. Be2 Bb7) 15... Bb7 16. Ne5 (16. Rad1 $5 Rfd8 17. Ng5 Qc6 $1 $11
{[%csl Rg2]} (17... Bd6 $143 18. Nxf7 $1 Bxh2+ 19. Kh1 Kxf7 20. Qxe6+ $36) 18.
Nf3 (18. Qf3)) 16... Nd5 (16... Rfd8 17. Nxf7 $2 Qc6 $1 (17... Kxf7 $2 18.
Qxe6+ $40)) 17. Qg4 $36 {[%csl Rg7][%cal Gb2g7,Gg4g7]} Bf6 $1 {[%cal Gf6b2] La
position noire est trés solide} (17... f5 {[%csl Re6]}) 18. Rfe1 b5 19. Bd3 b4
{[%csl Rc3]} 20. Bd4 a5 $1 {[%cal Gb7a6]} 21. Rad1 Rfd8 22. Bc4 Ba6 23. Bxa6
Rxa6 24. Nc4 Raa8 25. Bxf6 Nxf6 26. Qg5 Rd5 1/2-1/2

[Event "Belgrade RAD 30"]
[Site "Belgrade"]
[Date "1977.01.26"]
[Round "9.7"]
[White "Weinstein, Norman"]
[Black "Andersson, Ulf"]
[Result "1/2-1/2"]
[WhiteElo "2475"]
[BlackElo "2565"]
[Annotator "Primel,D"]
[PlyCount "59"]
[EventDate "1977.01.15"]
[EventType "tourn"]
[EventRounds "13"]
[EventCountry "SRB"]
[EventCategory "9"]
[SourceTitle "EXT 2018"]
[Source "ChessBase"]
[SourceDate "2017.10.13"]
[SourceVersion "1"]
[SourceVersionDate "2017.10.13"]
[SourceQuality "1"]
[TimeControl "40/9000:16/5400:0"]

1. e4 e6 2. d4 d5 3. Nd2 c5 4. exd5 Qxd5 5. Ngf3 (5. dxc5) 5... Nf6 6. Bc4 Qd8
(6... Qd6 $5) 7. O-O cxd4 8. Nb3 Nc6 9. Nbxd4 (9. Qe2 $5 {[%cal Gf1d1]} Qb6 10.
Rd1 (10. Bg5)) 9... Nxd4 10. Nxd4 a6 11. b3 $5 {Une variante tranquille mais
un peu trop lente et l'alternative Bf4 pose davantage de problèmes aux Noirs
pour égaliser} (11. c3 Qc7 12. Qe2 Be7 13. Bg5 O-O 14. Rfe1 Re8 15. Bb3 Nd5
16. Bxe7 Nxe7 17. Rad1 Ng6 18. Nf5 Bd7 19. Nd6 Re7 20. Qe3 {1/2-1/2 (20) Ivkov,
B-Bronstein,D Leningrad 1957}) (11. Bf4 $142 $1 $32 {[%csl Re8]} Be7 (11... Bd6
) 12. c3 O-O 13. Qf3 Qb6 14. Bb3 Bd7 15. Rad1 {Rublevsky,S (2565)-Thomsen,T 
(2195) Moscow ol (Men) 1994 (1.4) 1-0}) 11... Be7 12. Bb2 O-O 13. Qe2 $146 (13.
Qf3 Qc7 14. Bd3 Rd8 15. Qh3 Rxd4 16. Bxd4 e5 17. Qg3 Bd6 18. Bb2 e4 19. f4 Qc5+
20. Kh1 Nh5 21. Qh4 Be7 22. Qe1 exd3 23. cxd3 Qd6 24. Be5 Qd8 25. f5 Nf6 26.
Rc1 Bd7 27. d4 Bc6 28. Qh4 Nd5 29. Qf2 f6 30. Bg3 Bb4 31. Qf3 Qd7 32. Be1 Ba3
33. Rd1 Re8 34. Bd2 Ne3 35. d5 Nxd1 36. dxc6 Qxd2 37. cxb7 Ne3 38. Qc6 Qxg2+
39. Qxg2 Nxg2 40. Kxg2 Rb8 41. Rf4 Rxb7 42. Ra4 Be7 {Timoscenko,G-Steinberg,M
Soviet Union 1966 0-1}) 13... Qc7 14. Rfe1 (14. Rfd1 e5) 14... b5 $1 15. Bd3
Re8 $1 {[%cal Ge8e6,Ge7f8]} 16. Nf3 Bb7 $132 17. Ne5 Bb4 18. Red1 Nd5 19. c4
bxc4 20. bxc4 Nf6 21. Rac1 (21. Rab1 {Aurait économisé un tempo par rapport
à 25.Rb1 joué dans la partie}) 21... Bc5 22. Bc2 Red8 23. h3 Rac8 24. Bc3 Ba8
25. Rb1 h6 26. Ng4 Nxg4 27. Qxg4 Bf8 $11 28. Bd3 Qc6 29. Bf1 Qa4 30. Qe2
1/2-1/2

[Event "Bayern-chI Bank Hofmann 16th"]
[Site "Bad Wiessee"]
[Date "2012.11.04"]
[Round "9"]
[White "Rozentalis, Eduardas"]
[Black "Prusikin, Michael"]
[Result "1-0"]
[WhiteElo "2577"]
[BlackElo "2545"]
[Annotator "Prusikin,M"]
[PlyCount "81"]
[EventDate "2012.10.27"]
[EventType "swiss"]
[EventRounds "9"]
[EventCountry "GER"]
[SourceTitle "EXT 2015"]
[Source "ChessBase"]
[SourceDate "2014.11.20"]
[SourceVersion "1"]
[SourceVersionDate "2014.11.20"]
[SourceQuality "1"]

1. e4 e6 2. d4 d5 3. Nd2 c5 4. Ngf3 cxd4 5. Nxd4 Nf6 6. exd5 Qxd5 7. N4f3 Be7
8. Bc4 Qc5 9. Qe2 O-O 10. O-O Qc7 11. Ne4 Nxe4 12. Qxe4 Nd7 13. Bd3 Nf6 14. Qh4
Rd8 15. Bf4 Qc5 16. Be5 h6 17. Rfe1 Bd7 18. Nd4 Be8 {So weit so gut: Eduardas
behandelte die Eröffnung gewohnt anspruchslos, Schwarz steht bequem.} 19. Re3
$2 {Mit eindeutiger Absicht Matt zu setzte, aber der Schuss hätte nach hinten
gehen müssen.} (19. Rad1 Nd7 20. Qe4 g6 21. Bg3 Qb6 (21... Nf6 22. Qxb7 $16)
22. Nb3 $11) 19... Nd5 $2 {Tja, 2 Kandidatenzüge, eine 50:50-Chance also, und
falsch geraten! :)} (19... Nd7 {hätte Schwarz einen netten kleinen Vorteil
eingebracht:} 20. Qe4 g6 21. Nf3 (21. Bg3 Qb6 $1 (21... Nf6 $4 22. Nxe6 Qb6 (
22... Nxe4 23. Nxc5 Nxc5 24. Rxe7 Nxd3 25. cxd3 Bc6 $14) 23. Qh4 fxe6 24. Be5
$1 Rxd3 $8 25. cxd3 Kg7 26. Rh3 h5 27. g4 $1 Qb5 $8 28. Re1 $40) 22. Nb3 a5 23.
a4 Nc5 24. Nxc5 Bxc5 25. Ree1 Qxb2 $17) (21. Nxe6 fxe6 22. Bc3 e5 23. Rg3 Qd6
$17) 21... Nxe5 22. Nxe5 Qd5 $15) 20. Qe4 f5 $2 (20... g6 21. Rh3 Bg5 22. Nf3
Nf6 23. Qe2 Ng4 24. Nxg5 Nxe5 25. Ne4 Qe7 26. Rxh6 Nxd3 27. cxd3 Bc6 $14) 21.
Rg3 $3 $18 {Quasi mit dem f-Bauern in der Hand entdeckte ich mit Schrecken
diesen Killerzug, aber es gelang mir leider nicht, den Bauern unauffällig
zurückzustellen :)} (21. Nxf5 exf5 22. Qxf5 g6 23. Rg3 Qb6 $13) 21... g5 22.
Qe2 Bf7 23. Nxe6 $3 {Nicht der einzige, aber der sauberste und gleichzeitig
der schönste Weg zum Ziel.} Bxe6 24. Qh5 Nf4 25. Bxf4 Kg7 26. Re1 Bf7 27. Be5+
Qxe5 28. Rxe5 Bxh5 29. Rxe7+ Bf7 30. f4 $1 Kf6 31. Rxb7 gxf4 32. Rh3 h5 33. Rb4
Kg5 34. Rf3 Bxa2 35. b3 Rac8 36. Rbxf4 Rd5 37. Rxf5+ Rxf5 38. Rxf5+ Kh6 39. Rf7
Bb1 40. h4 Bxc2 41. Rh7# 1-0

[Event "Vikings GM 1st"]
[Site "York"]
[Date "1999.12.16"]
[Round "4"]
[White "Sutovsky, Emil"]
[Black "Rowson, Jonathan"]
[Result "1-0"]
[WhiteElo "2587"]
[BlackElo "2490"]
[Annotator "Psakhis,L"]
[PlyCount "81"]
[EventDate "1999.12.13"]
[EventType "tourn"]
[EventRounds "10"]
[EventCountry "ENG"]
[EventCategory "12"]
[SourceTitle "CBM 075"]
[Source "ChessBase"]
[SourceDate "2000.04.05"]
[SourceVersion "1"]
[SourceVersionDate "2000.04.05"]
[SourceQuality "1"]

1. e4 e6 2. d4 d5 3. Nd2 c5 4. Ngf3 cxd4 5. Nxd4 Nf6 6. exd5 (6. e5 $5 Nfd7 7.
N2f3) 6... Qxd5 7. N2f3 Bc5 (7... a6 $5 8. Be2 e5 9. Nb3 Nc6 10. O-O Bf5 11. c3
Be7 12. Be3 O-O 13. c4 Qe6 14. Nc5 Bxc5 15. Bxc5 Rfd8 $11 {1/2-1/2 Vydeslaver,
A-Zifroni,D/ISR t-ch 1999 (32)}) 8. c4 $146 (8. Be3 O-O 9. Be2 Ng4 10. c4 Qd8
11. Nc2 Nxe3 12. fxe3 Qb6 13. Qc1 Nc6 $17 {0-1 Hausmann,S-Lahlum,H/GER-chJ
1993 (26)}) (8. Be2 Nc6 9. c4 Bb4+ 10. Bd2 Qa5 11. Nxc6 bxc6 12. a3 Bxd2+ 13.
Qxd2 Qxd2+ 14. Kxd2 c5 $11 {Smagin,S-Ivanov,S/Russia (ch) 73/(319) 1998 /1/2-1/
2 (48)}) 8... Qd6 9. Be2 e5 10. Nb3 Bb4+ 11. Nbd2 Qc7 12. O-O a5 13. a3 Be7 14.
Nb1 $1 {[%cal Gb1c3,Gc3b5,Gc3d5]} a4 $6 15. Nfd2 ({Why not} 15. Nc3 $5) 15...
Nc6 16. Nc3 {[%csl Ra4]} Nd4 17. Bd3 Qc6 18. Qe1 Qe6 19. Nde4 Nxe4 20. Bxe4 {
[%mdl 512]} Qxc4 21. f4 $1 Ra5 ({It is not so easy to defend black position
after} 21... f5 22. Bd5 (22. Bb1 e4 $17) 22... Qc5 23. Kh1 $1 (23. Be3 Nc2 $1
24. Bxc5 Bxc5+ 25. Kh1 Nxe1 26. Raxe1 e4 $17) 23... exf4 (23... Nc2 24. Qxe5
Nxa1 25. Be3 (25. Qxg7 Rf8 26. Rd1 Nb3 $17) 25... Qd6 26. Qxg7 Rf8 27. Rxa1 $16
) 24. Qe5 $40 {with strong attack}) 22. Be3 f5 23. Bb1 Be6 (23... e4 {meets
refutation} 24. Nxe4 $1 {[%cal Ge1a5]}) 24. Ba2 Nb3 (24... Qc6 $5 25. Bxd4 exd4
26. Bxe6 dxc3 27. bxc3 $36 {[%csl Ge6]}) 25. Qg3 Bf6 (25... g5 $5) 26. Bb6 O-O
$2 {Starange move.Rowson defended quite well and after} (26... Ra6 $1 27. fxe5
Be7 28. Be3 O-O 29. Rac1 Qh4 $1 $11 {could equalized chances, but for some
reasons get panic}) 27. Bxb3 axb3 28. Bxa5 Qc5+ 29. Kh1 Qxa5 30. fxe5 Bxe5 31.
Qe3 {Black hasn't enough compensation for the exchange and Sutovsky with
strong and energetic moves quickly decided game into his favour.} Bc4 32. Rf3
$1 Bb8 33. Qe7 Rf7 34. Qh4 Qc7 35. Re1 $18 Qc6 36. Re7 Rxe7 37. Qxe7 Qe6 38.
Re3 Qf6 39. Qe8+ Qf8 40. Qd7 Bf7 41. Qxf5 1-0